Statistics for Missouri Sport Teams History

Click here to take the quiz!

General Stats

  • This quiz has been taken 22 times
  • The average score is 16 of 30

Answer Stats

HintYearAnswer% Correct
Kansas City NFL:1970-PresentKansas City Chiefs
100%
Kansas City AFL:1963-1969Kansas City Chiefs
100%
Kansas City MLB:1969-PresentKansas City Royals
100%
St. Louis MLB:1900-PresentSt. Louis Cardinals
100%
St. Louis NFL:1960-1988St. Louis Cardinals
100%
St. Louis NFL:1995-2016St. Louis Rams
100%
Kansas City NFL:1924Kansas City Blues
95%
St. Louis NHL:1967-PresentSt. Louis Blues
95%
St. Louis MLB:1902-1953St. Louis Browns
70%
Kansas City MLS:2011-PresentSporting Kansas City
65%
St. Louis NBA:1955-1968St. Louis Hawks
65%
Kansas City NBA:1972-1985Kansas City Kings
60%
Kansas City MLB:1955-1967Kansas City Athletics
55%
Kansas City NHL:1974-1976Kansas City Scouts
55%
Kansas City NAL:1920-1955Kansas City Monarchs
40%
Kansas City MLS:1996Kansas City Wiz
40%
Kansas City MLS:1997-2010Kansas City Wizards
35%
St. Louis MLS:2023-PresentSt. Louis SC
35%
Kansas City MISL:1979-1991Kansas City Comets
30%
St. Louis NASL:1968-1977St. Louis Stars
30%
St. Louis NAL:1919-1931St. Louis Stars
30%
St. Louis ABA:1974-1976Spirits of St. Louis
25%
St. Louis NPSL:1992-2000St. Louis Ambush
25%
Kansas City NFL:1925-1926Kansas City Cowboys
20%
St. Louis MISL:1979-1988St. Louis Steamers
20%
Kansas City NPSL:1991-2001Kansas City Attack
15%
Kansas City NASL:1968-1970Kansas City Spurs
15%
St. Louis NFL:1923St. Louis All Stars
10%
St. Louis NBA:1949-1950St. Louis Bombers
10%
St. Louis NHL:1934-1935St. Louis Eagles
10%

Score Distribution

Percentile by Number Answered

Percent of People with Each Score

Your Score History

You have not taken this quiz